Flagi państw z EURO 2020 - Statystyki

Ogólne statystyki
  • Ten quiz został rozwiązany 56 razy
  • Średni wynik to 23 z 24
Statystyki odpowiedzi
Obrazkowy Odpowiedź % Poprawnych
Anglia
98%
Belgia
98%
Czechy
98%
Francja
98%
Hiszpania
98%
Niemcy
98%
Polska
98%
Portugalia
98%
Rosja
98%
Szwajcaria
98%
Turcja
98%
Ukraina
98%
Włochy
98%
Austria
96%
Chorwacja
96%
Dania
96%
Finlandia
96%
Szwecja
96%
Węgry
96%
Holandia
94%
Słowacja
94%
Macedonia Północna
92%
Szkocja
92%
Walia
92%
Nie znaleziono quizów pasujących do podanych kryteriów
Rozkład punktacji
Procent ludzi z każdym wynikiem
Percentyl według liczby udzielonych odpowiedzi
Twoja historia wyników
Nie rozwiązałeś tego quizu